How multimedia works (Record no. 6877)

000 -LEADER
fixed length control field 00819 a2200193 4500
020 ## - INTERNATIONAL STANDARD BOOK NUMBER
International Standard Book Number 1562762087 :
040 ## - CATALOGING SOURCE
Original cataloging agency DLC
Language of cataloging DLC
082 00 - DEWEY DECIMAL CLASSIFICATION NUMBER
Classification number 006.6
100 1# - MAIN ENTRY--PERSONAL NAME
Personal name Holsinger, Erik.
245 10 - TITLE STATEMENT
Title How multimedia works
Statement of responsibility, etc. Erik Holsinger ; illustrated by Nevin Berger ; [foreword by Richard Hart].
260 ## - PUBLICATION, DISTRIBUTION, ETC.
Place of publication, distribution, etc. Emeryville, Calif. :
Name of publisher, distributor, etc. Ziff-Davis Press,
Date of publication, distribution, etc. c1994.
300 ## - PHYSICAL DESCRIPTION
Extent xv, 198 p. :
Other physical details col. ill. ;
Dimensions 27 cm.
490 1# - SERIES STATEMENT
Series statement How it works
500 ## - GENERAL NOTE
General note Includes index.
505 1# - FORMATTED CONTENTS NOTE
Formatted contents note Inside a multimedia title -- Multimedia system software and hardware -- Understanding digital video -- Understanding digital audio -- Alternate distribution platforms -- CD-ROMs and laser discs -- Interactive entertainment.
650 #0 - SUBJECT ADDED ENTRY--TOPICAL TERM
Topical term or geographic name entry element Multimedia systems.
830 #0 - SERIES ADDED ENTRY--UNIFORM TITLE
Uniform title How it works series (Emeryville, Calif.)
942 ## - ADDED ENTRY ELEMENTS (KOHA)
Koha item type Book
Call number prefix 006.6 HOL
Source of classification or shelving scheme
Holdings
Withdrawn status Lost status Damaged status Not for loan Collection code Permanent Location Current Location Shelving location Date acquired Total Checkouts Full call number Barcode Date last seen Date last checked out Price effective from Koha item type
          Central Library (CL) Central Library (CL) First Floor - Machine Learning/Computer Graphics 12/08/2000 1 006.6 HOL SEECS000464 09/01/2014 05/14/2014 01/05/2017 Book
© 2023 Central Library, National University of Sciences and Technology. All Rights Reserved.